LEADER 01124nam0-2200301---450- 001 990009803200403321 005 20131218110300.0 035 $a000980320 035 $aFED01000980320 035 $a(Aleph)000980320FED01 035 $a000980320 100 $a20131218d1846----km-y0itay50------ba 101 0 $aita 102 $aIT 105 $ay-------001yy 200 1 $aTopografia storico-archeologica della Penisola sorrentina e raccolta di antiche iscrizioni edite ed inedite appartenenti alla medesima$f[Bartolommeo Capasso] 210 $aNapoli$cStab. tip. di Domenico Capasso$d1846 215 $a99 p.$d25 cm 300 $aNome dell'A. desunto dalla dedica 517 1 $aMemorie storico-archeologiche della Penisola sorrentina 700 1$aCapasso,$bBartolomeo$f<1815-1900>$036189 801 0$aIT$bUNINA$gRICA$2UNIMARC 901 $aBK 912 $a990009803200403321 952 $aSG 200/B 130 (2)$bR.Bibl. 2061$fFLFBC 959 $aFLFBC 996 $aTopografia storico-archeologica della Penisola sorrentina e raccolta di antiche iscrizioni edite ed inedite appartenenti alla medesima$9837622 997 $aUNINA LEADER 03028nam 2200745 450 001 9910686491203321 005 20230515160540.0 010 $a3-8394-6567-2 024 7 $a10.1515/9783839465677 035 $a(CKB)5680000000305745 035 $a(NjHacI)995680000000305745 035 $a(DE-B1597)642375 035 $a(DE-B1597)9783839465677 035 $a(MiAaPQ)EBC7234037 035 $a(Au-PeEL)EBL7234037 035 $a(OCoLC)1378176787 035 $a(EXLCZ)995680000000305745 100 $a20230515d2023 uy 0 101 0 $ager 135 $aur||||||||||| 181 $ctxt$2rdacontent 182 $cc$2rdamedia 183 $acr$2rdacarrier 200 10$aPostmoderne Bildparodien $eSigmar Polke und das Potential parodistischer Interventionen /$fJohanna Hornauer 205 $aFirst edition. 210 1$aBielefeld :$ctranscript Verlag,$d[2023] 210 4$d©2023 215 $a1 online resource (320 pages) $cillustrations 225 1 $aImage 311 $a3-8376-6567-4 327 $tFrontmatter -- $tInhalt -- $tDanksagung -- $t1. Einleitung -- $t2. Forschungsstand zur Parodie -- $t3. Drei Thesen -- $t4. Bildparodie als Verweisungsspiel -- $t5. Bildparodie als Gedächtnisarbeit -- $t6. Bildparodie als Reflexionsfigur -- $t7. Rückblick und Ausblick -- $tLiteraturverzeichnis -- $tAbbildungen 330 $aDie gesellschaftliche Relevanz visueller Kommunikation nimmt immer weiter zu. Postmoderne Bildparodien sind Teil dieser Kultur. Dabei erscho?pfen sie sich nicht im Aspekt des Komischen. Johanna Hornauer erla?utert am Beispiel ausgewa?hlter Werke von Sigmar Polke, dass Bildparodien eine kritische Auseinandersetzung mit Geschichte als autoritativer Instanz darstellen. Ihre Untersuchung von postmodernen Bildparodien als a?sthetischer Praxis und Intervention in bestehende (Herrschafts-)Diskurse entwickelt neue Analysestrategien und fo?rdert damit unter medienkritischer Perspektive ein generelles »Lesenlernen« von Bildern, das im Museum ebenso nu?tzlich ist wie auf Social Media. 410 0$aImage (Transcript (Firm)) 606 $aImage processing 610 $a20th Century. 610 $aAesthetics. 610 $aArt History of the 20th Century. 610 $aArt. 610 $aCultural Studies. 610 $aCulture. 610 $aDiscourse. 610 $aEuropean Art. 610 $aFine Arts. 610 $aImage Theory. 610 $aImage. 610 $aIntervention. 610 $aMedia. 610 $aMemory Work. 610 $aMyth Criticism. 610 $aMyth. 610 $aPalimpsest. 610 $aPolitics. 610 $aPostmodernism. 610 $aPower Relations. 610 $aVisual Communication. 610 $aVisual Studies. 615 0$aImage processing. 676 $a621.367 700 $aHornauer$b Johanna$01354847 801 0$bNjHacI 801 1$bNjHacl 906 $aBOOK 912 $a9910686491203321 996 $aPostmoderne Bildparodien$93358453 997 $aUNINA